zpět

Detail výsledku týmu

U Lucerny ČT, Brno

Datum a čas kvízu

11 Celkem bodů Celkový počet nahraných bodů na tomto kvízu bez doplňovacích otázek.
11. Pořadí na kvízu Konečné umístění týmu na tomto kvízu.

Zaznamenané odpovědi

# Otázka Odpověď Body Výsledky
1. Poblíž které jihočeské obce by... Lety 0
2. V noci ze středy na čtvrtek do... Moulin Rouge 0
3. Mezinárodní filmový festival K... Ivan Trojan 0
4. V pátek se v pražském hotelu M... mince 0
5. V pondělí padl unikátní rekord... USK 0
6. Sugo all'amatriciana patří mez... guanciale; pecorino 0
7. Napište zakrytou značku zobraz... Kikkoman 0
8. Když se řekne omáčka, určitě s... 15 1
9. Město Worcester dalo jméno jed... C; ločidlo 0.5
10. Jak se označuje tato omáčka (z... holandská omáčka; vejce Benedikt 0